[Event "Wch U10 blitz"]
[Site "Batumi"]
[Date "2023.06.10"]
[Round "1"]
[White "Wang, Zixuan1111"]
[Black "Zhauynbay, Alimzhan"]
[Result "0-1"]
[WhiteElo "1218"]
[BlackElo "1714"]
[PlyCount "101"]
[EventDate "2023.06.10"]
[EventType "swiss (blitz)"]
[EventRounds "11"]
[EventCountry "GEO"]
[SourceTitle "EXT 2024"]
[Source "ChessBase"]
[SourceDate "2023.10.10"]
[SourceVersion "1"]
[SourceVersionDate "2023.10.10"]
[SourceQuality "1"]
[WhiteTeam "China"]
[BlackTeam "Kazakhstan"]
[WhiteTeamCountry "CHN"]
[BlackTeamCountry "KAZ"]

1. e4 c6 2. d4 d5 3. Nd2 dxe4 4. Nxe4 Nd7 5. Ng5 Ngf6 6. Bd3 e6 7. N1f3 Bd6 8. Qe2 h6 9. Ne4 Nxe4 10. Qxe4 Qc7 11. Bd2 c5 12. dxc5 Nxc5 13. Bb5+ Bd7 14. Bxd7+ Qxd7 15. Qe2 Rc8 16. Bc3 0-0 17. 0-0 f6 18. Rad1 e5 19. Rd2 Qe6 20. Rfd1 Be7 21. a3 Na4 22. Rd3 Nxc3 23. Rxc3 Rxc3 24. bxc3 Bxa3 25. Nd4 Qc8 26. Nb5 Bc5 27. Kf1 a6 28. Qc4+ Kh8 29. Rd5 Bb6 30. Qxc8 Rxc8 31. Nd6 Rxc3 32. Rd2 Rc7 33. c4 Bd4 34. Rc2 Rd7 35. Ne4 f5 36. Ng3 g6 37. f3 a5 38. Ra2 b6 39. Ne2 Rc7 40. Ra4 Bc5 41. Nc3 Rd7 42. Nd5 Kg7 43. Ra1 Kf7 44. Ke2 Ke6 45. Rd1 a4 46. Rb1 Rb7 47. Nc3 a3 48. Nb5 Rb8 49. Ra1 Rd8 50. Nxa3 Rd4 51. Nb5 0-1

[Event "Wch U10 blitz"]
[Site "Batumi"]
[Date "2023.06.10"]
[Round "4"]
[White "Zhauynbay, Alimzhan"]
[Black "Diasamidze, Rati"]
[Result "1-0"]
[WhiteElo "1714"]
[BlackElo "1347"]
[PlyCount "95"]
[EventDate "2023.06.10"]
[EventType "swiss (blitz)"]
[EventRounds "11"]
[EventCountry "GEO"]
[SourceTitle "EXT 2024"]
[Source "ChessBase"]
[SourceDate "2023.10.10"]
[SourceVersion "1"]
[SourceVersionDate "2023.10.10"]
[SourceQuality "1"]
[WhiteTeam "Kazakhstan"]
[BlackTeam "Georgia"]
[WhiteTeamCountry "KAZ"]
[BlackTeamCountry "GEO"]

1. e4 c5 2. Nf3 d6 3. d4 cxd4 4. Nxd4 Nf6 5. Nc3 a6 6. Be3 e5 7. Nb3 Be6 8. f3 Be7 9. Qd2 h5 10. 0-0-0 Nbd7 11. Kb1 b5 12. h3 Nb6 13. Na5 Nc4 14. Nxc4 Bxc4 15. Bxc4 bxc4 16. g4 0-0 17. gxh5 Nxh5 18. Nd5 c3 19. Nxc3 Re8 20. Nd5 Bf8 21. Bb6 Qb8 22. Rhg1 g6 23. Qg5 Nf4 24. Nf6+ Kg7 25. Nxe8+ Qxe8 26. Be3 Be7 27. Qg4 Ne6 28. h4 Qb5 29. h5 Rb8 30. Bc1 Bg5 31. b3 Bxc1 32. Rxc1 Nf4 33. hxg6 Nxg6 34. Qf5 a5 35. Rcd1 Qc6 36. Rg5 a4 37. Rdg1 d5 38. exd5 Qd6 39. Qe4 axb3 40. cxb3 Rc8 41. Rh1 Rc3 42. Kb2 Qc7 43. Rhg1 Rc5 44. Rxg6+ fxg6 45. Qxg6+ Kf8 46. Qg8+ Ke7 47. Rg7+ Kd6 48. Qe6# 1-0

[Event "Wch U08 blitz"]
[Site "Rhodes"]
[Date "2022.05.03"]
[Round "9"]
[White "Zhauynbay, Alimzhan"]
[Black "Kaushik, Ashwath"]
[Result "0-1"]
[WhiteElo "1155"]
[BlackElo "1038"]
[PlyCount "60"]
[EventDate "2022.05.03"]
[EventType "swiss (blitz)"]
[EventRounds "9"]
[EventCountry "GRE"]
[SourceTitle "CBM 208 Extra"]
[Source "ChessBase"]
[SourceDate "2022.07.31"]
[SourceVersion "1"]
[SourceVersionDate "2022.07.31"]
[SourceQuality "1"]

1. e4 c5 2. Nf3 a6 3. d4 cxd4 4. Nxd4 Nf6 5. Nc3 e5 6. Nf3 Bb4 7. Bd3 d5 8. exd5 e4 9. Qe2 0-0 10. 0-0 exd3 11. Qxd3 Bxc3 12. Qxc3 Qxd5 13. Bg5 Qf5 14. Rfe1 Be6 15. Re5 Qg4 16. Bxf6 gxf6 17. Rc5 Nd7 18. Rc7 Bd5 19. h3 Qf5 20. Nh4 Qe6 21. Qg3+ Kh8 22. Rc3 Qe5 23. Qd3 Qe4 24. Qd2 Rg8 25. f3 Qxh4 26. Qxd5 Ne5 27. Kh1 Rad8 28. Qb3 Rd2 29. Rg1 Rdxg2 30. Rxg2 Qxh3+ 0-1

[Event "Wch U08 rapid"]
[Site "Rhodes"]
[Date "2022.05.01"]
[Round "4"]
[White "Kaushik, Ashwath"]
[Black "Zhauynbay, Alimzhan"]
[Result "1-0"]
[WhiteElo "1283"]
[BlackElo "1172"]
[PlyCount "87"]
[EventDate "2022.05.01"]
[EventType "swiss (rapid)"]
[EventRounds "9"]
[EventCountry "GRE"]
[SourceTitle "CBM 208 Extra"]
[Source "ChessBase"]
[SourceDate "2022.07.31"]
[SourceVersion "1"]
[SourceVersionDate "2022.07.31"]
[SourceQuality "1"]

1. e4 c6 2. d4 d5 3. e5 Bf5 4. h4 h5 5. Bd3 Bxd3 6. Qxd3 Nd7 7. e6 Ndf6 8. Nf3 Qd6 9. exf7+ Kxf7 10. Ng5+ Ke8 11. Qg6+ Kd7 12. Nf7 Qe6+ 13. Be3 Rh7 14. Ng5 Qg4 15. 0-0 Rh6 16. Qf7 Nh7 17. Qxg8 Nxg5 18. Bxg5 Re6 19. Qf7 Qxd4 20. Nc3 g6 21. Rad1 Qh8 22. Rfe1 Re5 23. Rxe5 Qxe5 24. Nxd5 Qe2 25. Nc3+ Qxd1+ 26. Nxd1 Rd8 27. Nc3 Kc8 28. Bxe7 Bxe7 29. Qxe7 b5 30. Qxa7 b4 31. Qa6+ Kc7 32. Qa5+ Kd7 33. Qxb4 Kc7 34. Qc5 Kb7 35. Qe7+ Kc8 36. Na4 Rd1+ 37. Kh2 Rd2 38. Nb6+ Kb8 39. Qe8+ Kb7 40. Nc4 Rxc2 41. Qd7+ Kb8 42. Na5 Rxb2 43. Nxc6+ Ka8 44. Qa7# 1-0